000 00880nam a22002297a 4500
999 _c3366
_d3366
003 AR-CdUCM
008 190306b ||||| |||| 00| 0 spa d
040 _aMUNICIPALIDAD PROVINCIAL DEL CUSCO
_cBIBLIOTECA MUNICIPAL DEL CUSCO
082 _a869.56 /
_bAR743
100 _aArnao, Aurelio
_911143
245 _aCuentos peruanos: relatos del ambiente nacional /
260 _aLima :
_bEditorial Rímac,
_c1939.
300 _a342 páginas ;
_bIlustraciones,
_c23 cm.
505 _aContenido: El fracaso de Nicholson -- Gallerías Serranas -- La Segunda Muerte -- Lo Irreparable -- El amable milagro de la Valvanera -- Historia vulgar de un hombre de bien...
650 _aCuentos peruanos
_97
650 _aSiglo XX
_98
650 _aLa tintonera
_911144
650 _aEstrella polar
_911145
700 _aMiró Quesada Sosa, Aurelio
_9616
942 _2ddc
_cLIBROS
945 _adavv